Being on the street: (Record no. 121859)
[ view plain ]
| 000 -LEADER | |
|---|---|
| fixed length control field | 00416nam a22001337a 4500 |
| 008 - FIXED-LENGTH DATA ELEMENTS--GENERAL INFORMATION | |
| fixed length control field | 150121b xxu||||| |||| 00| 0 eng d |
| 050 ## - LIBRARY OF CONGRESS CALL NUMBER | |
| Classification number | HV887.Z55S354 |
| 100 ## - MAIN ENTRY--PERSONAL NAME | |
| Personal name | Schmidt, Wolf |
| 9 (RLIN) | 14507 |
| 245 ## - TITLE STATEMENT | |
| Title | Being on the street: |
| Remainder of title | Just as I am/ |
| Statement of responsibility, etc | Wolf Schmidt, SJ |
| 260 ## - PUBLICATION, DISTRIBUTION, ETC. (IMPRINT) | |
| Place of publication, distribution, etc | Mount Pleasant, Harare: |
| Name of publisher, distributor, etc | Sappho, |
| Date of publication, distribution, etc | 1992. |
| 300 ## - PHYSICAL DESCRIPTION | |
| Extent | x, 28p. |
| Dimensions | 21 cm. |
| 650 ## - SUBJECT ADDED ENTRY--TOPICAL TERM | |
| Topical term or geographic name as entry element | Street children |
| Geographic subdivision | Zimbabwe |
| 9 (RLIN) | 14508 |
| 942 ## - ADDED ENTRY ELEMENTS (KOHA) | |
| Source of classification or shelving scheme | Library of Congress Classification |
| Item type | Monograph ( Printed materials) |
| Withdrawn status | Lost status | Source of classification or shelving scheme | Damaged status | Not for loan | Collection code | Home library | Current library | Shelving location | Date acquired | Total Checkouts | Full call number | Barcode | Date last seen | Date last borrowed | Copy number | Price effective from | Koha item type |
|---|---|---|---|---|---|---|---|---|---|---|---|---|---|---|---|---|---|
| Library of Congress Classification | Main Collection | ARRUPE LIBRARY | ARRUPE LIBRARY | Main Collection | 21/01/2015 | 1 | HV887.Z55S354 | 46500003066 | 11/03/2020 | 02/03/2020 | 1 | 21/01/2015 | Monograph ( Printed materials) |